Compendio de derecho penal

I tiakina i:
Ngā taipitopito rārangi puna kōrero
Kaituhi matua: Quintano Ripollés, Antonio (Author)
Hōputu: Pukapuka
Reo:Pāniora
I whakaputaina: Madrid Revista de Derecho Privado 1958
Ngā marau:
Ngā Tūtohu: Tāpirihia he Tūtohu
Kāore He Tūtohu, Me noho koe te mea tuatahi ki te tūtohu i tēnei pūkete!

MARC

LEADER 00000nam a2200000 a 4500
001 UCS0161
003 CL-VaPUC
008 970418e19580000SP |||||||||||||||||spa|d
082 0 4 |a 345.46  |b QUI  |2 21 
100 0 |a Quintano Ripollés, Antonio  |e author  |9 383317 
245 1 0 |a Compendio de derecho penal 
300 |a 2 v 
942 |c BK 
945 |d 19970418 00:00:00  |a paguirre 
260 |a Madrid  |b Revista de Derecho Privado  |c 1958 
650 7 |a DERECHO PENAL  |2 CL-VaPUC  |9 11 
650 0 |a Teoría del derecho  |9 255982 
650 0 |a Historia del derecho  |9 255109 
650 0 |a Códigos  |9 352314 
650 0 |a Ley penal  |9 256611 
650 0 |a Delitos  |9 224143 
650 0 |a Antijuridicidad  |9 368501 
650 7 |a DOLO  |2 CL-VaPUC  |9 383318 
650 7 |a CULPA  |2 CL-VaPUC  |9 372629 
650 7 |a CULPABILIDAD  |2 CL-VaPUC  |9 351694 
650 7 |a DELINCUENTES  |2 CL-VaPUC  |9 315465 
650 0 |a Responsabilidad penal  |9 254899 
650 0 |a Atenuantes  |9 380889 
650 0 |a Penas   |9 255927 
650 0 |a Pena de muerte  |9 256612 
650 7 |a DELITOS CONTRA LA SEGURIDAD DEL ESTADO  |2 CL-VaPUC  |9 383319 
650 7 |a DELITOS CONTRA LAS PERSONAS  |2 CL-VaPUC  |9 256124 
650 0 |a Asesinatos   |9 401043 
650 0 |a Robo  |9 383176 
650 0 |a Hurto  |9 368483 
650 7 |a DELITOS CONTRA EL HONOR  |2 CL-VaPUC  |9 383320 
651 0 |a España  |9 254926 
583 |a last modification  |c 19970418 00:00:00  |k Rodrigo Vera 
999 |c 258404  |d 258402 
952 |0 0  |1 0  |4 0  |6 345_460000000000000_QUI_1958  |7 0  |8 A  |9 282471  |a BIBDER  |b BIBDER  |d 2019-11-19  |h v.2  |i 1831127  |o 345.46 QUI 1958  |p 1831127  |r 2019-11-19  |w 2019-11-19  |y BK  |k DER 
952 |0 0  |1 0  |4 0  |6 345_460000000000000_QUI_1958  |7 0  |8 A  |9 282472  |a BIBDER  |b BIBDER  |d 2019-11-19  |h v.1  |i 3975347  |o 345.46 QUI 1958  |p 3975347  |r 2019-11-19  |w 2019-11-19  |y BK  |k DER